Szczegóły MARC21

Zabawy logorytmiczne dla najmłodszych : ćwiczenia wykorzystywane w profilaktyce i terapii logopedycznej, rytmice oraz nauczaniu przedszkolnym i zintegrowanym /

003 -Nazwa inst., której nr kontr. jest w polu 001 [,]
    • @
    • Nazwa instytucji, której n kontrolny jest w polu 001
    • NUKAT
005 -DATA I CZAS OSTATNIEJ MODYFIKACJI [,]
    • @
    • pole kontrolne
    • 20241231112915.0
020 -Międzynarod. znormalizowany nr książki - ISBN [ , ]
    • a
    • Numer ISBN
    • 9788380801905 Find
040 -Instytucja sporządzająca opis [ , ]
    • a
    • Instytucja, która sporządziła opis (NP)
    • SIEDL 004/MS
    • b
    • Język katalogowania
    • pol
    • e
    • Zasady katalogowania
    • rda
    • c
    • Instytucja, która sporządziła rekord (NP)
    • SIEDL 004/MS
    • d
    • Instytucja, która zmodyfikowała rekord (P)
    • SIEDL 004/GA
    • d
    • Instytucja, która zmodyfikowała rekord (P)
    • KIEL 010/DNs
942 -Rodzaj dokumentu [ , ]
    • c
    • Rodzaj dokumentu
    • Książka
100 -Hasło główne - nazwa osobowa [1, ]
    • a
    • Nazwa osobowa (NP)
    • Newlaczyl, Anna.
    • e
    • Rodzaj współpracy
    • Autor
    • 9
    • KHW
    • 504332
245 -Strefa tytułu i oznaczenia odpowiedzialności [1,0]
    • a
    • Tytuł
    • Zabawy logorytmiczne dla najmłodszych : Find
    • b
    • Ciąg dalszy tytułu (NP)
    • ćwiczenia wykorzystywane w profilaktyce i terapii logopedycznej, rytmice oraz nauczaniu przedszkolnym i zintegrowanym / Find
    • c
    • Pozostałe elementy strefy tytułu i oznaczenia odpowiedzialności (NP)
    • Newlaczyl Anna, Katarzyna Szłapa, Iwona Tomasik.
250 -Strefa wydania [ , ]
    • a
    • Oznaczenie wydania (NP)
    • Wydanie I.
260 -Strefa adresu wydawniczego [ , ]
    • a
    • Miejsce wydania (P)
    • Gdańsk :
    • b
    • Nazwa wydawcy (P)
    • Wydawnictwo Harmonia,
    • c
    • Data wydania (P)
    • 2019.
300 -Strefa opisu fizycznego [ , ]
    • a
    • Określenie formy książki i/lub objętość (NP)
    • 73, [1] strona :
    • b
    • Oznaczenie ilustracji (NP)
    • ilustracje, nuty ;
    • c
    • Format (NP)
    • 24 cm.
336 -Typ zawartości [ , ]
    • a
    • Termin opisujący typ zawartości
    • Tekst
    • b
    • Kod określający zawartość
    • txt
    • 2
    • Źródło (terminu i kodu)
    • rdacontent
337 -Typ mediów [ , ]
    • a
    • Tryb odtwarzania
    • Bez urządzenia pośredniczącego
    • b
    • Kod typu mediów
    • n
    • 2
    • Źródło (terminu i kodu)
    • rdamedia
338 -Typ/rodzaj nośnika [ , ]
    • a
    • Hasło opisujące typ nośnika
    • Wolumin
    • b
    • Kod typu nośnika
    • nc
    • 2
    • Źródło (terminu i kodu)
    • rdacarrier
650 -Hasło przedmiotowe [ ,7]
    • a
    • Hasło przedmiotowe
    • Ćwiczenia logopedyczne dla dzieci.
    • 2
    • Źródło terminu
    • kaba
    • 9
    • KHW
    • 163213
650 -Hasło przedmiotowe [ ,7]
    • a
    • Hasło przedmiotowe
    • Rytmika
    • x
    • Określnik rzeczowy
    • studia i nauczanie (przedszkolne)
    • z
    • Określnik geograficzny
    • Polska.
    • 2
    • Źródło terminu
    • kaba
    • 9
    • KHW
    • 498112
700 -Hasło dodatkowe - nazwa osobowa [1, ]
    • a
    • Nazwa osobowa (NP)
    • Tomasik, Iwona. Find
    • e
    • Określenie rodzaju współpracy
    • Autor
    • 9
    • KHW
    • 504331
700 -Hasło dodatkowe - nazwa osobowa [1, ]
    • a
    • Nazwa osobowa (NP)
    • Szłapa, Katarzyna. Find
    • e
    • Określenie rodzaju współpracy
    • Autor
    • 9
    • KHW
    • 504330
710 -Hasło dodatkowe - nazwa ciała zbiorowego [2, ]
    • a
    • Nazwa ciała zbiorowego lub nazwa geograficzna jako pierwszy element (NP)
    • Wydawnictwo Harmonia.
    • e
    • Rodzaj współpracy
    • Wydawca
    • 4
    • Kod relacji
    • pbl
    • 9
    • KHW
    • 54618
920 -ISBN [ , ]
    • a
    • ISBN
    • 978-83-8080-190-5 Find
Numer inwentarzowy Data inwentaryzacji Status udost. Lokalizacja Sygnatura
WF.104922019-09-241BMErgoterapia 07